Online
Catalog

La historia de la medicina y el arte / (Record no. 24170)

MARC details
000 -CABECERA
campo de control de longitud fija 00743nam a2200193 a 4500
001 - NÚMERO DE CONTROL
campo de control 000024677
005 - FECHA Y HORA DE LA ÚLTIMA TRANSACCIÓN
campo de control 20200930023314.0
008 - DATOS DE LONGITUD FIJA--INFORMACIÓN GENERAL
campo de control de longitud fija 110202s1978 ag a r 000 0 spa d
040 ## - FUENTE DE LA CATALOGACIÓN
Centro catalogador/agencia de origen DO-SdBNP
Lengua de catalogación spa
Centro/agencia transcriptor BNPHU
082 ## - NÚMERO DE LA CLASIFICACIÓN DECIMAL DEWEY
Número de clasificación nn*
Número de documento/Ítem nn*
049 ## - FONDOS LOCALES (OCLC)
Fondos de biblioteca BNGR
100 1# - ENTRADA PRINCIPAL--NOMBRE DE PERSONA
Nombre de persona Díaz Soto de Mazzei, María Leticia.
9 (RLIN) 50601
245 13 - MENCIÓN DE TÍTULO
Título La historia de la medicina y el arte /
Mención de responsabilidad, etc. María Leticia Díaz Soto de Mazzei ; prólogo de Argentino Landaburu.
260 ## - PUBLICACIÓN, DISTRIBUCIÓN, ETC.
Lugar de publicación, distribución, etc. Buenos Aires :
Nombre del editor, distribuidor, etc. El Ateneo,
Fecha de publicación, distribución, etc. 1978.
300 ## - DESCRIPCIÓN FÍSICA
Extensión 140 p. :
Otras características físicas il. ;
Dimensiones 22 cm.
504 ## - NOTA DE BIBLIOGRAFÍA, ETC.
Nota de bibliografía, etc. Bibliografía : 137-140 p.
586 ## - NOTA DE PREMIOS
Nota de premios Laureado con el "premio Dr. Aníbal Ruiz Moreno" de la Sociedad Argentina de Antropología e Historia Médicas
700 1# - PUNTO DE ACCESO ADICIONAL--NOMBRE DE PERSONA
Nombre de persona Landaburu, Argentino,
Término indicativo de función/relación pról.
9 (RLIN) 50602
Holdings
Estado de retiro Estado de pérdida Restricciones de uso No para préstamo Código de colección Localización permanente Ubicación/localización actual Ubicación en estantería Fecha de adquisición Número de inventario Total de préstamos Signatura topográfica completa Código de barras Fecha visto por última vez Precio válido a partir de Tipo de ítem Koha
        Monografías: Libros y Folletos General General En catalogación 02.02.2011 LF1   nn* nn* 24677-10 25.06.2020 25.06.2020 Préstamo en sala

Powered by Koha